00966nam a2200277 a 4500003000900000005001700009008004100026020001800067040001300085100002700098245009200125250001200217260002600229300001100255490002200266500017500288600003000463650001400493650002700507650002800534650001400562650002200576650002900598651001300627700004800640AR-BaBNM20251128204658.0082120s2002 ||||||||||||||000 | spa|| a84-7398-299-1 cAR-BaBNM1 aGros Espiell, Héctor00aEspaña y la solución pacífica de los conflictos limítrofes en Hispano-América a1ª ed. aMadridbCivitasc1984 a207 p. 0aCuadernos Civitas aEdición patrocinada por el Instituto Universitario Iberoamericano de Estudios Internacionales y por la Sociedad Estatal del V Centenario del descubrimiento de América14aMenéndez Pidal, Ramón 4aARBITRAJE 4aSOLUCION DE CONFLICTOS 4aCONFLICTO INTERNACIONAL 4aFRONTERAS 4aHISTORIA POLITICA 4aHISTORIA LATINOAMERICANA 4aEspaña1 aCarrillo Salcedo, Juan Antonioeprologuista